Central Library OPAC University of Rajshahi

Elements of modern pure geometry / (Record no. 50846)

MARC details
000 -LEADER
fixed length control field 00655nam a2200229 a 4500
001 - CONTROL NUMBER
control field 50846
003 - CONTROL NUMBER IDENTIFIER
rucl marc code BD-RjUL
005 - DATE AND TIME OF LATEST TRANSACTION
control field 20211209075556.0
008 - FIXED-LENGTH DATA ELEMENTS--GENERAL INFORMATION
fixed length control field 160828s1964 enka 001 0 eng
035 ## - SYSTEM CONTROL NUMBER
System control number (BD-RjUL)50966
040 ## - CATALOGING SOURCE
Original cataloging agency DLC
Transcribing agency ScU
Modifying agency OCoLC
-- DLC
-- BD-RjUL
Language of cataloging eng
041 ## - LANGUAGE CODE
Language code of text/sound track or separate title eng
082 ## - DEWEY DECIMAL CLASSIFICATION NUMBER
Classification number 513.5
Edition number 23
Author mark and year ANE 1964
100 10 - MAIN ENTRY--PERSONAL NAME
Personal name Anjaneyulu, M. S. R.
9 (RLIN) 152209
245 10 - TITLE STATEMENT
Title Elements of modern pure geometry /
Statement of responsibility, etc. M. S. R. Anjaneyulu.
260 ## - PUBLICATION, DISTRIBUTION, ETC. (IMPRINT)
Place of publication, distribution, etc. London :
Name of publisher, distributor, etc. Asia Pub. House,
Date of publication, distribution, etc. c1964
300 ## - PHYSICAL DESCRIPTION
Pagination x, 166 p. :
Illustrations ill. ;
Size 23 cm.
500 ## - GENERAL NOTE
General note Include index
650 #0 - SUBJECT ADDED ENTRY--TOPICAL TERM
Topical term or geographic name as entry element Geometry, Modern
General subdivision Plane.
9 (RLIN) 152210
942 ## - ADDED ENTRY ELEMENTS (KOHA)
Source of classification or shelving scheme Dewey Decimal Classification
Koha item type Books
Holdings
Lost status Source of classification or shelving scheme Damaged status Not for loan Collection code Permanent Location Current Location Shelving location Date acquired Source of acquisition Cost, normal purchase price Total Checkouts Full call number Date last seen Copy number Koha item type
  Dewey Decimal Classification     Non-fiction Central Library, University of Rajshahi Central Library, University of Rajshahi   17/05/1978 Asia publishing house 10.00   513.5 ANE 1964 28/08/2016 C-2 Books